Dublin Airport Destinations (Dublin, Ireland) - Statistics

General Stats
  • This quiz has been taken 565 times
    24 since last reset
  • The average score is 147 of 205
Answer Stats
Airline Destination % Correct
Aegean Airlines/Aer Lingus/Ryanair Athens
100%
Aer Lingus/Ryanair/Vueling Barcelona
100%
Aer Lingus/Ryanair Berlin
100%
Aer Lingus/Lufthansa Frankfurt
100%
Finnair Helsinki
100%
Aer Lingus Isle of Man
100%
Turkish Airlines Istanbul
100%
Pegasus Airlines Istanbul (Sabiha Gokcen)
100%
Ryanair Kraków
100%
Aer Lingus/Ryanair/TAP Air Portugal Lisbon
100%
British Airways London (City)
100%
Ryanair London (Gatwick)
100%
Aer Lingus/British Airways London (Heathrow)
100%
Ryanair London (Luton)
100%
Ryanair London (Stansted)
100%
Aer Lingus/Iberia Express/Ryanair Madrid
100%
Aer Lingus Milan (Linate)
100%
Aer Lingus/Ryanair Milan (Malpensa)
100%
Aer Lingus/Lufthansa/Lufthansa City Airlines Munich
100%
Aer Lingus/Norwegian Air Shuttle/Scandinavian Airlines Oslo
100%
Aer Lingus/Air France Paris (Charles de Gaulle)
100%
Transavia/Vueling Paris (Orly)
100%
Ryanair Porto
100%
airBaltic/Ryanair Riga
100%
Aer Lingus/Ryanair Rome (Fiumicino)
100%
Ryanair/Scandinavian Airlines Stockholm (Arlanda)
100%
Ryanair Tallinn
100%
Croatia Airlines/Ryanair Zagreb
100%
Aer Lingus/KLM/Ryanair Amsterdam
94%
Aer Lingus/Ryanair Birmingham
94%
Dan Air/FlyOne/HiSky/Ryanair Bucharest (Otopeni)
94%
Aer Lingus/Ryanair Budapest
94%
Ryanair Cologne/Bonn
94%
Norwegian Air Shuttle/Ryanair/Scandinavian Arilines Copenhagen
94%
Emirates Dubai (International)
94%
Aer Lingus/Ryanair Edinburgh
94%
Aer Lingus/Ryanair Glasgow
94%
Aer Lingus/Ryanair Hamburg
94%
Aer Lingus/Ryanair Leeds/Bradford
94%
Aer Lingus/Ryanair Liverpool
94%
Aer Lingus Lyon
94%
Aer Lingus/Ryanair Manchester
94%
Aer Lingus Miami
94%
Aer Lingus/Delta Air Lines/JetBlue New York (JFK)
94%
Aer Lingus/Ryanair Nice
94%
Aer Lingus/Ryanair Venice
94%
Aer Lingus/Ryanair Vienna
94%
Ryanair Vilnius
94%
Aer Lingus Warsaw (Chopin)
94%
Ryanair Warsaw (Modlin)
94%
Aer Lingus/Swiss International Air Lines Zürich
94%
Aer Lingus/Loganair Aberdeen
88%
Delta Air Lines Atlanta
88%
Hainan Airlines Beijing (Capital)
88%
Ryanair Bratislava
88%
Aer Lingus/Ryanair Brussels
88%
Aer Lingus/American Airlines/United Airlines Chicago (O'Hare)
88%
American Airlines Dallas/Fort Worth
88%
Aer Lingus/Eurowings Düsseldorf
88%
Aer Lingus/Ryanair Faro
88%
Ryanair Gdańsk
88%
Aer Lingus Los Angeles
88%
Aer Lingus/Ryanair Málaga
88%
Aer Lingus/Ryanair Malta
88%
Ryanair Palermo
88%
Aer Lingus/Ryanair Prague
88%
Icelandair Reykjavík
88%
Ryanair/TUI Airways Sofia
88%
Ryanair Thessaloniki
88%
Ryanair Tirana
88%
Aer Lingus/Air Canada/Air Transat/WestJet Toronto (Pearson)
88%
Ryanair Valencia
88%
Aer Lingus/United Airlines Washington (Dulles)
88%
Etihad Airways Abu Dhabi
81%
Aer Lingus/Ryanair Alicante
81%
Ryanair Bologna
81%
Aer Lingus Bordeaux
81%
Aer Lingus/Delta Air Lines/JetBlue Boston
81%
Aer Lingus/Ryanair Bristol
81%
Qatar Airways Doha
81%
Aer Lingus/Swiss International Air Lines/TUI Airways Geneva
81%
Aer Lingus Las Vegas
81%
Aer Lingus/Ryanair Marseille
81%
Aer Lingus/Ryanair Nantes
81%
Aer Lingus/Ryanair Naples
81%
Aer Lingus/United Airlines Newark
81%
Aer Lingus Orlando
81%
Aer Lingus/American Airlines Philadelphia
81%
Aer Lingus/Ryanair Seville
81%
Eurowings Stuttgart
81%
Aer Lingus/Ryanair/TUI Airways Tenerife (South)
81%
Air Canada Vancouver
81%
Ryanair Bari
75%
Ryanair Basel/Mulhouse
75%
Aer Lingus Bilbao
75%
Egyptair Cairo
75%
Aer Lingus/Ryanair/TUI Airways Corfu
75%
Aer Lingus Denver
75%
Ryanair Funchal
75%
Aer Lingus/TUI Airways Heraklion
75%
Ryanair/TUI Airways Ibiza
75%
TUI Airways Innsbruck
75%
Luxair/Ryanair Luxembourg
75%
Air Canada Montréal (Trudeau)
75%
Aer Lingus/Ryanair/TUI Airways Palma de Mallorca
75%
Aer Lingus San Francisco
75%
Aer Lingus/Ryanair/TUI Airways Turin
75%
SunExpress Antalya
69%
Widerøe Bergen
69%
Aer Lingus/Ryanair Burgas
69%
Ryanair Cagliari
69%
Aer Lingus/TUI Airways Cancún
69%
Aer Lingus Catania
69%
American Airlines Charlotte
69%
Aer Lingus/Ryanair/TUI Airways Gran Canaria
69%
Aurigny Guernsey
69%
Aer Lingus/Loganair Jersey
69%
Ryanair Katowice
69%
Aer Lingus/Ryanair Kos
69%
Aer Lingus/Ryanair/TUI Airways Lanzarote
69%
Ryanair Łódź
69%
Aer Lingus/Ryanair Marrakesh
69%
Aer Lingus/Ryanair Newcastle upon Tyne
69%
Aer Lingus/Ryanair/TUI Airways Salzburg
69%
Aer Lingus Seattle/Tacoma
69%
Aer Lingus/Ryanair/TUI Airways Toulouse
69%
Ryanair Wroclaw
69%
Aer Lingus/Ryanair Brindisi
63%
WestJet Calgary
63%
Ryanair Charleroi
63%
FlyOne/HiSky/SkyUp Airlines Chișinău
63%
Delta Air Lines Detroit
63%
Aer Lingus/Ryanair Fuerteventura
63%
WestJet Halifax
63%
Aer Lingus Inverness
63%
Aer Lingus/SunExpress İzmir
63%
TUI Airways Larnaca
63%
Ryanair Menorca
63%
Aer Lingus/Delta Air Lines Minneapolis/St. Paul
63%
Aer Lingus Nashville
63%
Ryanair Olbia
63%
Ryanair Paphos
63%
Aer Lingus/Ryanair Pisa
63%
Ryanair Poznań
63%
Aer Lingus Rennes
63%
Aer Lingus/Ryanair Santorini
63%
Aer Lingus/Croatia Airlines/Ryanair Split
63%
Aer Lingus/Ryanair/TUI Airways Verona
63%
Ryanair Bergamo
56%
Ryanair Bodrum
56%
Ryanair Cardiff
56%
HiSky/Ryanair Cluj-Napoca
56%
Aer Lingus/Ryanair Dubrovnik
56%
Ryanair East Midlands
56%
Ryanair Girona
56%
Ryanair Lublin
56%
Ryanair Memmingen
56%
Aer Lingus Montpellier
56%
Aer Lingus Raleigh/Durham
56%
Ryanair Rhodes
56%
Aer Lingus Southampton
56%
WestJet St. John's
56%
Aer Lingus Tromsø
56%
Ryanair Zadar
56%
Ryanair/TUI Airways Zakynthos
56%
Ryanair Agadir
50%
Ryanair Grenoble
50%
Aer Lingus Pittsburgh
50%
Ryanair Rabat
50%
Ryanair Santander
50%
Aer Lingus/Ryanair Santiago de Compostela
50%
Ryanair Trieste
50%
Ryanair Alghero
44%
Aer Lingus Asturias
44%
Ryanair Beauvais
44%
Aer Lingus Brest
44%
Ryanair Bydgoszcz
44%
Ryanair Chania
44%
Aer Lingus Cleveland
44%
Ryanair/TUI Airways Dalaman
44%
HiSky/Ryanair Iași
44%
Ryanair Kaunas
44%
Aer Lingus/TUI Airways Kittilä
44%
Ryanair Rzeszów
44%
Ryanair Biarritz
38%
Aer Lingus Indianapolis
38%
Ryanair Košice
38%
Ryanair Murcia
38%
Aer Lingus/Ryanair Newquay
38%
Ryanair Reus
38%
Aer Lingus/Ryanair Rovaniemi
38%
Ryanair Szczecin
38%
TUI Airways Enfidha
31%
Aer Lingus Exeter
31%
Aer Lingus Hartford
31%
Dan Air Bacău
25%
Aer Lingus Barbados
25%
Ryanair Carcassonne
25%
Ryanair Kerry
25%
Ryanair La Rochelle
25%
Ryanair Lourdes
25%
Aer Lingus Perpignan
25%
Aer Lingus Donegal
19%
Aer Lingus Tours
19%
Ryanair Nîmes
13%
No matching quizzes found
Score Distribution
Percent of People with Each Score
Percentile by Number Answered
Your Score History
You have not taken this quiz since the last reset